<?xml version="1.0" encoding="UTF-8"?><marc:collection xmlns:marc="http://www.loc.gov/MARC21/slim">
  <marc:record>
    <marc:leader>00000nam##2200000za#4500</marc:leader>
    <marc:controlfield tag="001">9.681013</marc:controlfield>
    <marc:controlfield tag="003">CaOODSP</marc:controlfield>
    <marc:controlfield tag="005">20200401053155</marc:controlfield>
    <marc:controlfield tag="007">ta</marc:controlfield>
    <marc:controlfield tag="008">150407|2000||||xxc|||||     f|0| 0 fre|d</marc:controlfield>
    <marc:datafield tag="020" ind1=" " ind2=" ">
      <marc:subfield code="a">0-662-84291-X</marc:subfield>
    </marc:datafield>
    <marc:datafield tag="040" ind1=" " ind2=" ">
      <marc:subfield code="a">CaOODSP</marc:subfield>
      <marc:subfield code="b">fre</marc:subfield>
    </marc:datafield>
    <marc:datafield tag="043" ind1=" " ind2=" ">
      <marc:subfield code="a">n-cn---</marc:subfield>
    </marc:datafield>
    <marc:datafield tag="086" ind1="1" ind2=" ">
      <marc:subfield code="a">A22-201/2000F</marc:subfield>
    </marc:datafield>
    <marc:datafield tag="110" ind1="1" ind2=" ">
      <marc:subfield code="a">Canada. </marc:subfield>
      <marc:subfield code="b">Agriculture et agroalimentaire Canada. </marc:subfield>
      <marc:subfield code="b">Direction générale de la recherche.</marc:subfield>
    </marc:datafield>
    <marc:datafield tag="245" ind1="1" ind2="0">
      <marc:subfield code="a">L'agriculture écologiquement durable au Canada : </marc:subfield>
      <marc:subfield code="b">Rapport sur le projet des indicateurs agroenvironmentaux / </marc:subfield>
      <marc:subfield code="c">Publié par la direction générale des politiques et direction générale de recherche. </marc:subfield>
    </marc:datafield>
    <marc:datafield tag="260" ind1=" " ind2=" ">
      <marc:subfield code="a">Ottawa - Ontario : </marc:subfield>
      <marc:subfield code="b">Agriculture et Agroalimentaire Canada. </marc:subfield>
      <marc:subfield code="c">2000.</marc:subfield>
    </marc:datafield>
    <marc:datafield tag="300" ind1=" " ind2=" ">
      <marc:subfield code="a">vii, 226p. : </marc:subfield>
      <marc:subfield code="b">figures, graphiques, tableaux ; </marc:subfield>
      <marc:subfield code="c">28 cm.</marc:subfield>
    </marc:datafield>
    <marc:datafield tag="500" ind1=" " ind2=" ">
      <marc:subfield code="a">Données de catalogage avant publication (Canada) imprimées dans cette publication. «Le présent rapport se divise en huit parties. La section A présente le contexte de l'étude et décrit les notions et les méthodes utilisées ainsi que les facteurs qui définissent les tendances environnementales et autres dans le domaine de l'agriculture. Les chapitres de cette section permettront au lecteur de mieux situer et comprendre les constatations et les conclusions générales du rapport. Les sections B à G présentent les indicateurs agroenvironnementaux liées aux questions suivantes: gestion agricole, qualité du sol, qualité de l'eau, émissions de gaz à effet de serre, biodiversité des agroécosystèmes et caractère intensif de la production. La section H résume les constatations relatives aux indicateurs par région, présente les conclusions générales et propose différentes façons d'utiliser le rapport.»--Page 5.</marc:subfield>
    </marc:datafield>
    <marc:datafield tag="504" ind1=" " ind2=" ">
      <marc:subfield code="a">Bibliographie.</marc:subfield>
    </marc:datafield>
    <marc:datafield tag="520" ind1="3" ind2=" ">
      <marc:subfield code="a">Le présent rapport se divise en huit parties. La section A présente le contexte de l'étude et décrit les notions et les méthodes utilisées ainsi que les facteurs qui définissent les tendances environnementales et autres dans le domaine de l'agriculture. Les chapitres de cette section permettront au lecteur de mieux situer et comprendre les constatations et les conclusions générales du rapport. Les sections B à G présentent les indicateurs agroenvironnementaux liées aux questions suivantes: gestion agricole, qualité du sol, qualité de l'eau, émissions de gaz à effet de serre, biodiversité des agroécosystèmes et caractère intensif de la production. La section H résume les constatations relatives aux indicateurs par région, présente les conclusions générales et propose différentes façons d'utiliser le rapport.--Page 5</marc:subfield>
    </marc:datafield>
    <marc:datafield tag="563" ind1=" " ind2=" ">
      <marc:subfield code="a">Couverture souple</marc:subfield>
    </marc:datafield>
    <marc:datafield tag="590" ind1=" " ind2=" ">
      <marc:subfield code="a">00-18</marc:subfield>
      <marc:subfield code="b">2000-05-05</marc:subfield>
    </marc:datafield>
    <marc:datafield tag="691" ind1="0" ind2="7">
      <marc:subfield code="a">Agriculture</marc:subfield>
      <marc:subfield code="2">gcpds</marc:subfield>
    </marc:datafield>
    <marc:datafield tag="691" ind1="0" ind2="7">
      <marc:subfield code="a">Environnement</marc:subfield>
      <marc:subfield code="2">gcpds</marc:subfield>
    </marc:datafield>
    <marc:datafield tag="691" ind1="0" ind2="7">
      <marc:subfield code="a">Gestion de l'environnement</marc:subfield>
      <marc:subfield code="2">gcpds</marc:subfield>
    </marc:datafield>
    <marc:datafield tag="691" ind1="0" ind2="7">
      <marc:subfield code="a">Écologie</marc:subfield>
      <marc:subfield code="2">gcpds</marc:subfield>
    </marc:datafield>
    <marc:datafield tag="775" ind1="0" ind2="8">
      <marc:subfield code="t">Environmental sustainability of Canadian agriculture : </marc:subfield>
      <marc:subfield code="w">(CaOODSP)9.647602</marc:subfield>
    </marc:datafield>
    <marc:datafield tag="776" ind1="0" ind2="#">
      <marc:subfield code="t">L'agriculture écologiquement durable au Canada : </marc:subfield>
      <marc:subfield code="w">(CaOODSP)9.637690</marc:subfield>
    </marc:datafield>
  </marc:record>
</marc:collection>
